000 01020nam0a2200313 4500
001 RU\NLR\BIBL_A\022784672
005 20260622110849.0
010 _a978-5-17-175768-7
_91000
035 _a(NLR Aleph) 022784672
090 _a13733934
_c13733934
100 _a20260414d2026 u y0rusy50 ca
101 1 _arus
_ceng
102 _aRU
105 _ay z 000ay
181 0 _ai
_baxxe
182 0 _an
200 1 _aГерцог для Дианы
_eроман
_fСабрина Джеффрис
_gперевод с английского И. Родина
203 _aТекст
_bвизуальный
_cнепосредственный
210 _aМосква
_cАСТ
_d2026
215 _a350, [1] с.
_d21
225 1 _aШарм
333 _a16+
686 1 _aШ6(7США)67-440.4{Лх1979-50}
700 1 _aДжеффрис
_bС.
_f1958-
_gСабрина
_3RU\NLR\AUTH\770226970
942 _cBOOK
980 _aNB